000 00329nam a2200145Ia 4500
100 _aRussell/Stuart
250 _a2
942 _cBK
654 _aartificial
245 _aArtificial Intelligence: Modern approach
260 _bPearson Education
_aNew Delhi
_c2004
082 _a6.3
_bRUS
300 _a1080
546 _aENGLISH
999 _c34985
_d34985